000 00626nam a2200229Ia 4500
003 GCL
008 140319s9999 xx 000 0 ara d
040 _aGCL /
_cGCL
082 0 4 _a785.092
_bح ب
100 1 _aحسين فوزى
245 1 0 _aبيتهوفن /
_cحسين فوزى
260 _a[S.N] :
_bدار المعارف ،
_c1989
300 _a365 ص
490 _a
650 0 4 _aالمانيا
650 0 4 _aالموسيقى
650 0 4 _aالموسيقى الغربية
650 0 4 _aالسمفونيات
650 0 4 _aالكونشرتو
650 0 4 _aالموسيقيون - تراجم
942 _2ddc
_cBK
999 _c55273
_d55273